Statistiques concernant les 20 premiers départements français

Cliquez ici pour prendre le quiz!

Statistiques générales

  • Ce quiz a été pris 35 fois
  • Le résultat moyen est 17 sur 20

Statistiques - réponses

HintRéponse% Correct
1ain
100%
3allier
94%
6alpes maritimes
94%
11aude
94%
13bouches du rhone
94%
4alpes de haute provence
90%
10aube
90%
5hautes alpes
90%
2aisne
87%
14calvados
84%
19correze
84%
20corse
84%
8ardennes
81%
12aveyron
81%
16charente
81%
17charente maritime
81%
7ardèche
77%
9ariège
77%
15cantal
77%
18cher
77%

Distribution des résultats

Percentile par nombre de réponses

% des personnes avec chaque résultat

Votre développement - résultats

Vous n’avez pas pris ce quiz